000 00261nam a22001097a 4500
008 160519b xxu||||| |||| 00| 0 eng d
020 _a0023090502
041 _aeng
080 _a574
245 _aContemporary urban ecology:
_cBrian J. L. Berry;
942 _2udc
_cBK
999 _c2259
_d2259